000 00825nam a2200277Ia 4500
001 Para_3967
003 CHAP
008 220125s1938 xx 000 0 und d
010 _a202231
040 _cCHAP
090 _aPA FOLLETO 1362
100 _aRuggles, A. G
_9100583
245 _aPest control program for fruits in Minnesota /
_c A. G. Ruggles and Carl J. Eide
260 _aMinneapolis, Minnesota :
_b University of Minnesota
300 _a1 hoja desplegable
440 _aUniv. of Minnesota circular; 50
_9167328
650 _aFruta
_x Plagas Control de plagas
_9165862
700 _aEides, Carl J.
_935800
901 _aPA FOLLETO 1362
902 _aA
905 _a0000001938 MIN 0000000000 00
910 _a1938
942 _cPARA
942 _cPARA
_d1
999 _c202231
_d202231